Episteme : historia de la filosofía : Bachillerato : segundo curso

Guardado en:
Detalles Bibliográficos
Otros Autores: Echano Basaldua, Javier de .
Formato: Libro
Lenguaje:español
Publicado: Barcelona : Vicens Vives, 1999
Edición:1ª ed.
Catálogo:MANES:  Resultados de Búsqueda del Catálogo
Clasificación de libros de texto:
Etiquetas: Agregar Etiqueta
Sin Etiquetas, Sea el primero en etiquetar este registro!
Añadido a:2000-04-02
Cambiado en:2025-05-07

MARC

LEADER 00000cam a2200000 i 4500
005 20250507134542.0
008 000403s1999 espao fp 000 0 spa d
020 |a 843165032X 
040 |a uned  |b spa  |c entro-manes 
245 1 0 |a Episteme :   |b historia de la filosofía : Bachillerato : segundo curso /   |c Javier de Echano Basaldua ... [et al.] 
250 |a 1ª ed. 
260 |a Barcelona :   |b Vicens Vives,   |c 1999 
300 |a 409 p. :   |b il. 
504 |a Bibliogr.: p. 408-409 y al final de cada cap. 
546 |a España 
561 |5 es-BUNED  |3 L.T.M. 2075  |a España. Fondo Manes UNED  |k MANES 
690 0 |a FILO  |a HI 
691 0 |a SE 
700 1 |a Echano Basaldua, Javier de .  |9 38276 
942 |2 ddc  |c BK 
999 |c 97083  |d 97083 
999 |c manes:97083  |d 97083